[Event "Team Championship of Russia (rapid)"]
[Site "Sochi"]
[Date "2015.05.08"]
[Round "3.36"]
[White "Mikhel, Vladislav"]
[Black "Torbin, Kirill"]
[Result "0-1"]
[LiveChessVersion "1.4.4"]
[BlackElo "2344"]
[WhiteElo "2334"]
[BlackTeam "Ladya-2"]

1. e4 {[%clk 0:15:18]} c5 {[%clk 0:15:20]} 2. Nf3 {[%clk 0:15:26]} Nc6
{[%clk 0:15:29]} 3. d4 {[%clk 0:15:35]} cxd4 4. Nxd4 Qb6 {[%clk 0:15:45]} 5. Nxc6
{[%clk 0:15:53]} bxc6 {[%clk 0:15:54]} 6. Nc3 {[%clk 0:16:02]} d6
{[%clk 0:16:03]} 7. Bd3 {[%clk 0:16:10]} g6 {[%clk 0:16:12]} 8. b3
{[%clk 0:16:07]} Bg7 {[%clk 0:15:53]} 9. Bb2 {[%clk 0:16:16]} Nf6
{[%clk 0:15:57]} 10. O-O {[%clk 0:16:22]} O-O {[%clk 0:16:01]} 11. Na4
{[%clk 0:15:56]} Qc7 {[%clk 0:16:06]} 12. c4 {[%clk 0:16:02]} e5 {[%clk 0:15:26]}
13. Qc2 {[%clk 0:15:58]} Be6 {[%clk 0:15:23]} 14. Rae1 {[%clk 0:15:09]} Nh5
{[%clk 0:15:17]} 15. Rd1 {[%clk 0:13:39]} Nf4 {[%clk 0:14:57]} 16. Rfe1
{[%clk 0:13:41]} Rad8 {[%clk 0:14:19]} 17. Ba3 {[%clk 0:12:51]} c5
{[%clk 0:12:56]} 18. Bf1 {[%clk 0:12:16]} f5 {[%clk 0:12:10]} 19. g3
{[%clk 0:12:23]} Nh5 {[%clk 0:12:20]} 20. Bh3 {[%clk 0:12:30]} Qe7
{[%clk 0:12:06]} 21. Nc3 {[%clk 0:11:46]} f4 {[%clk 0:10:17]} 22. Bxe6+
{[%clk 0:11:53]} Qxe6 {[%clk 0:10:25]} 23. Qd3 {[%clk 0:11:41]} Qg4
{[%clk 0:10:13]} 24. f3 {[%clk 0:11:04]} Qg5 {[%clk 0:09:59]} 25. g4
{[%clk 0:10:51]} Nf6 {[%clk 0:10:06]} 26. Kh1 {[%clk 0:10:01]} h5
{[%clk 0:10:10]} 27. gxh5 {[%clk 0:10:06]} Nxh5 {[%clk 0:09:56]} 28. Rg1
{[%clk 0:09:20]} Qh6 {[%clk 0:09:55]} 29. Rg2 {[%clk 0:08:57]} Bf6
{[%clk 0:09:50]} 30. Kg1 {[%clk 0:08:09]} a6 {[%clk 0:08:39]} 31. Qd5+
{[%clk 0:07:43]} Kh7 {[%clk 0:08:42]} 32. Qe6 {[%clk 0:07:48]} Ng7
{[%clk 0:08:42]} 33. Qg4 {[%clk 0:07:42]} Qh5 {[%clk 0:06:42]} 34. Nd5
{[%clk 0:07:46]} Qxg4 {[%clk 0:06:04]} 35. Rxg4 {[%clk 0:07:54]} Ne6
{[%clk 0:06:09]} 36. Bb2 {[%clk 0:07:19]} Kg7 {[%clk 0:06:09]} 37. Rd2
{[%clk 0:06:26]} Rh8 {[%clk 0:06:02]} 38. Rdg2 {[%clk 0:06:26]} Rh6
{[%clk 0:06:00]} 39. Bc3 {[%clk 0:05:27]} Rdh8 {[%clk 0:05:59]} 40. h4
{[%clk 0:04:44]} Kf7 {[%clk 0:06:04]} 41. Nxf6 {[%clk 0:03:17]} Kxf6
{[%clk 0:06:12]} 42. Rh2 {[%clk 0:03:23]} Kf7 {[%clk 0:06:06]} 43. Kg2
{[%clk 0:03:03]} g5 {[%clk 0:06:06]} 44. Be1 {[%clk 0:03:07]} Rh5
{[%clk 0:05:53]} 45. Bf2 {[%clk 0:02:42]} Ke8 {[%clk 0:04:35]} 46. Rh1
{[%clk 0:02:13]} Kd7 {[%clk 0:04:42]} 47. Rh2 {[%clk 0:01:56]} Kc6
{[%clk 0:04:42]} 48. Rh1 {[%clk 0:01:57]} a5 {[%clk 0:03:53]} 49. Rh2
{[%clk 0:01:52]} a4 {[%clk 0:03:47]} 50. bxa4 {[%clk 0:02:01]} Ra8
{[%clk 0:03:53]} 51. hxg5 {[%clk 0:02:06]} Rxg5 {[%clk 0:04:02]} 52. Rh6
{[%clk 0:02:13]} Rxg4+ {[%clk 0:04:08]} 53. fxg4 {[%clk 0:02:21]} Ng5
{[%clk 0:04:17]} 54. Bh4 {[%clk 0:02:22]} Nxe4 {[%clk 0:04:24]} 55. g5
{[%clk 0:02:30]} Rf8 {[%clk 0:03:07]} 56. Kf3 {[%clk 0:02:16]} Nd2+
{[%clk 0:03:11]} 57. Ke2 {[%clk 0:02:09]} Nxc4 {[%clk 0:02:56]} 58. g6
{[%clk 0:02:18]} f3+ {[%clk 0:02:39]} 59. Kd3 {[%clk 0:01:43]} f2
{[%clk 0:01:45]} 60. Bxf2 {[%clk 0:01:52]} Rxf2 {[%clk 0:01:52]} 61. Kxc4
{[%clk 0:02:01]} Rxa2 {[%clk 0:02:00]} 62. Kb3 {[%clk 0:02:02]} Rg2
{[%clk 0:02:07]} 63. a5 {[%clk 0:01:54]} Rg3+ {[%clk 0:01:44]} 64. Ka4
{[%clk 0:02:01]} Rg4+ {[%clk 0:01:54]} 65. Ka3 {[%clk 0:02:09]} Kb5
{[%clk 0:01:51]} 66. a6 {[%clk 0:02:08]} Rg3+ {[%clk 0:01:59]} 67. Kb2
{[%clk 0:02:16]} Kxa6 {[%clk 0:02:03]} 68. g7 {[%clk 0:02:24]} Rxg7
{[%clk 0:02:08]} 69. Rxd6+ {[%clk 0:02:33]} Kb5 {[%clk 0:02:17]} 70. Re6
{[%clk 0:02:41]} Rg5 {[%clk 0:02:27]} 71. Kc3 {[%clk 0:02:49]} Rg3+
{[%clk 0:02:33]} 72. Kd2 {[%clk 0:02:54]} Rg5 {[%clk 0:02:35]} 73. Kc3
{[%clk 0:03:02]} Rh5 {[%clk 0:02:44]} 74. Re8 {[%clk 0:02:26]} Kc6
{[%clk 0:02:52]} 75. Rc8+ {[%clk 0:02:34]} Kd5 {[%clk 0:03:00]} 76. Rd8+
{[%clk 0:02:43]} Ke6 {[%clk 0:03:06]} 77. Re8+ {[%clk 0:02:49]} Kd5
{[%clk 0:03:11]} 78. Rd8+ {[%clk 0:02:58]} Ke4 {[%clk 0:03:21]} 79. Kc4
{[%clk 0:03:07]} Rh1 {[%clk 0:03:24]} 80. Kxc5 {[%clk 0:03:15]} Rc1+
{[%clk 0:03:32]} 81. Kb4 {[%clk 0:03:24]} Ke3 {[%clk 0:03:41]} 82. Kb3
{[%clk 0:03:32]} e4 {[%clk 0:03:50]} 83. Kb2 {[%clk 0:03:39]} Rc7
{[%clk 0:03:59]} 84. Re8 {[%clk 0:03:45]} Kd3 {[%clk 0:04:05]} 85. Rd8+
{[%clk 0:03:54]} Ke2 {[%clk 0:04:15]} 86. Re8 {[%clk 0:04:03]} e3
{[%clk 0:04:24]} 87. Re6 {[%clk 0:04:11]} Kd2 {[%clk 0:04:33]} 88. Rd6+
{[%clk 0:04:20]} Ke1 {[%clk 0:04:43]} 89. Re6 {[%clk 0:04:30]} e2
{[%clk 0:04:52]} 90. Re8 {[%clk 0:04:36]} Rc4 {[%clk 0:05:00]} 91. Rf8
{[%clk 0:04:37]} Kd2 {[%clk 0:05:05]} 92. Rd8+ {[%clk 0:04:44]} Ke3
{[%clk 0:05:14]} 93. Rc8 {[%clk 0:04:42]} 0-1

[Event "Team Championship of Russia (rapid)"]
[Site "Sochi"]
[Date "2015.05.08"]
[Round "4.1"]
[White "Nepomniachtchi, Ian"]
[Black "Sjugirov, Sanan"]
[Result "1/2-1/2"]
[LiveChessVersion "1.4.4"]
[BlackElo "2721"]
[WhiteElo "2700"]
[BlackTeam "Zhiguli"]
[WhiteTeam "SHSM-Our Heritage-1"]

1. e4 {[%clk 0:15:19]} c5 {[%clk 0:15:18]} 2. Nf3 {[%clk 0:15:27]} d6
{[%clk 0:15:27]} 3. d4 {[%clk 0:15:35]} cxd4 {[%clk 0:15:36]} 4. Qxd4
{[%clk 0:15:44]} Nf6 {[%clk 0:15:23]} 5. Bb5+ {[%clk 0:15:22]} Bd7
{[%clk 0:15:18]} 6. c4 {[%clk 0:15:28]} Nc6 {[%clk 0:15:00]} 7. Qd3
{[%clk 0:15:25]} g6 {[%clk 0:14:50]} 8. O-O {[%clk 0:15:31]} Bg7 {[%clk 0:14:58]}
9. Nc3 {[%clk 0:15:39]} O-O {[%clk 0:15:00]} 10. h3 {[%clk 0:15:48]} a6
{[%clk 0:14:56]} 11. Bxc6 {[%clk 0:15:57]} Bxc6 {[%clk 0:15:00]} 12. Nd4
{[%clk 0:16:02]} Nd7 {[%clk 0:14:50]} 13. Be3 {[%clk 0:16:06]} Rc8
{[%clk 0:14:47]} 14. Rac1 {[%clk 0:15:54]} Nc5 {[%clk 0:13:23]} 15. Qc2
{[%clk 0:16:03]} Bd7 {[%clk 0:12:05]} 16. Qe2 {[%clk 0:15:41]} Ne6
{[%clk 0:11:09]} 17. Rfd1 {[%clk 0:15:47]} Nxd4 {[%clk 0:11:02]} 18. Bxd4
{[%clk 0:15:55]} Bxd4 {[%clk 0:11:10]} 19. Rxd4 {[%clk 0:16:04]} Be6
{[%clk 0:11:18]} 20. Rcd1 {[%clk 0:15:23]} Qa5 {[%clk 0:10:36]} 21. a3
{[%clk 0:15:31]} Qe5 {[%clk 0:10:24]} 22. b3 {[%clk 0:13:36]} Qa5
{[%clk 0:09:51]} 23. Qb2 {[%clk 0:12:37]} b5 {[%clk 0:09:59]} 24. Nd5
{[%clk 0:12:42]} Bxd5 {[%clk 0:09:59]} 25. Rxd5 {[%clk 0:12:51]} Qb6
{[%clk 0:09:57]} 26. cxb5 {[%clk 0:12:52]} axb5 {[%clk 0:10:06]} 27. e5
{[%clk 0:12:58]} dxe5 {[%clk 0:09:44]} 28. Qxe5 {[%clk 0:12:54]} Rc2
{[%clk 0:09:39]} 29. Rf1 {[%clk 0:12:56]} Qa7 {[%clk 0:09:02]} 30. Rxb5
{[%clk 0:12:43]} Qxa3 {[%clk 0:09:11]} 31. Rb7 {[%clk 0:12:50]} Qd6
{[%clk 0:04:00]} 32. Qe4 {[%clk 0:11:56]} Rb2 {[%clk 0:03:23]} 33. Re1
{[%clk 0:10:24]} Rc8 {[%clk 0:02:34]} 34. Qf3 {[%clk 0:08:09]} Rc7
{[%clk 0:02:43]} 35. Rxc7 {[%clk 0:07:20]} Qxc7 {[%clk 0:02:52]} 36. Qa8+
{[%clk 0:07:27]} Kg7 {[%clk 0:03:01]} 37. Qd5 {[%clk 0:07:28]} Qb6
{[%clk 0:02:48]} 38. Re3 {[%clk 0:06:45]} Rb1+ {[%clk 0:02:46]} 39. Kh2
{[%clk 0:06:54]} Qc7+ {[%clk 0:02:13]} 40. Qe5+ {[%clk 0:07:01]} 1/2-1/2

[Event "Team Championship of Russia (rapid)"]
[Site "Sochi"]
[Date "2015.05.08"]
[Round "4.2"]
[White "Bukavshin, Ivan"]
[Black "Najer, Evgeniy"]
[Result "1-0"]
[LiveChessVersion "1.4.4"]
[BlackElo "2667"]
[WhiteElo "2667"]
[BlackTeam "SHSM-Our Heritage-1"]
[WhiteTeam "Zhiguli"]

1. d4 {[%clk 0:15:18]} d5 {[%clk 0:15:16]} 2. c4 {[%clk 0:15:26]} c6
{[%clk 0:15:25]} 3. Nf3 {[%clk 0:15:34]} Nf6 {[%clk 0:15:17]} 4. e3
{[%clk 0:15:43]} Bg4 {[%clk 0:15:11]} 5. h3 {[%clk 0:15:51]} Bh5 {[%clk 0:15:20]}
6. g4 {[%clk 0:15:59]} Bg6 {[%clk 0:15:28]} 7. Ne5 {[%clk 0:16:08]} e6
{[%clk 0:15:34]} 8. Nxg6 {[%clk 0:16:15]} hxg6 {[%clk 0:15:43]} 9. Bg2
{[%clk 0:16:24]} Nbd7 {[%clk 0:15:21]} 10. Qd3 {[%clk 0:16:32]} Bb4+
{[%clk 0:13:47]} 11. Nd2 {[%clk 0:15:41]} Qe7 {[%clk 0:09:29]} 12. a3
{[%clk 0:15:41]} dxc4 {[%clk 0:09:11]} 13. Qxc4 {[%clk 0:15:46]} Bd6
{[%clk 0:09:20]} 14. e4 {[%clk 0:10:55]} Bf4 {[%clk 0:08:54]} 15. Qe2
{[%clk 0:08:06]} e5 {[%clk 0:07:57]} 16. d5 {[%clk 0:07:12]} cxd5
{[%clk 0:07:15]} 17. exd5 {[%clk 0:07:21]} O-O {[%clk 0:07:22]} 18. Nc4
{[%clk 0:06:58]} Qc5 {[%clk 0:04:51]} 19. b4 {[%clk 0:06:38]} Qb5
{[%clk 0:04:59]} 20. Na5 {[%clk 0:06:20]} Qb6 {[%clk 0:04:20]} 21. O-O
{[%clk 0:06:10]} Rfe8 {[%clk 0:04:23]} 22. Rd1 {[%clk 0:05:36]} Rac8
{[%clk 0:04:20]} 23. d6 {[%clk 0:05:14]} Bxc1 {[%clk 0:03:00]} 24. Raxc1
{[%clk 0:05:22]} Rxc1 {[%clk 0:03:06]} 25. Rxc1 {[%clk 0:05:31]} e4
{[%clk 0:03:00]} 26. Qe3 {[%clk 0:05:29]} Qxd6 {[%clk 0:02:25]} 27. Nxb7
{[%clk 0:05:35]} Qe5 {[%clk 0:01:48]} 28. Qxa7 {[%clk 0:03:13]} Nd5
{[%clk 0:01:38]} 29. Nc5 {[%clk 0:03:14]} N7f6 {[%clk 0:01:24]} 30. Kh1
{[%clk 0:02:07]} Qb2 {[%clk 0:00:17]} 31. Rf1 {[%clk 0:02:14]} Nf4
{[%clk 0:00:13]} 32. Nxe4 {[%clk 0:01:59]} Rxe4 {[%clk 0:00:12]} 33. Bxe4
{[%clk 0:02:07]} Nxh3 {[%clk 0:00:15]} 34. Qb8+ {[%clk 0:02:05]} Kh7
{[%clk 0:00:23]} 35. Qh2 {[%clk 0:02:11]} Nxe4 {[%clk 0:00:22]} 36. Qxh3+
{[%clk 0:02:20]} Kg8 {[%clk 0:00:32]} 37. Qe3 {[%clk 0:02:28]} f5
{[%clk 0:00:35]} 38. Kg2 {[%clk 0:02:15]} Qf6 {[%clk 0:00:18]} 39. Rc1
{[%clk 0:02:09]} Qh4 {[%clk 0:00:15]} 40. Rc8+ {[%clk 0:01:48]} Kf7
{[%clk 0:00:20]} 41. Qf4 {[%clk 0:01:35]} Nf6 {[%clk 0:00:12]} 42. Qc7+
{[%clk 0:01:19]} Ke6 {[%clk 0:00:20]} 43. Qc6+ {[%clk 0:01:28]} Ke5
{[%clk 0:00:21]} 44. Qc5+ {[%clk 0:01:33]} Ke6 {[%clk 0:00:26]} 45. Rc6+
{[%clk 0:01:25]} Kf7 {[%clk 0:00:34]} 46. Qc4+ {[%clk 0:01:27]} Ke7
{[%clk 0:00:37]} 47. Qe6+ {[%clk 0:01:35]} 1-0

[Event "Team Championship of Russia (rapid)"]
[Site "Sochi"]
[Date "2015.05.08"]
[Round "4.3"]
[White "Grachev, Boris"]
[Black "Predke, Alexandr"]
[Result "1-0"]
[LiveChessVersion "1.4.4"]
[BlackElo "2566"]
[WhiteElo "2665"]
[BlackTeam "Zhiguli"]
[WhiteTeam "SHSM-Our Heritage-1"]

1. d4 {[%clk 0:15:18]} Nf6 {[%clk 0:15:19]} 2. Nf3 {[%clk 0:15:27]} d5
{[%clk 0:15:26]} 3. g3 {[%clk 0:15:24]} c6 {[%clk 0:15:10]} 4. Bg2
{[%clk 0:15:31]} Bf5 {[%clk 0:15:16]} 5. c4 {[%clk 0:15:35]} e6 {[%clk 0:15:22]}
6. Nc3 {[%clk 0:15:43]} Be7 {[%clk 0:14:48]} 7. Qb3 {[%clk 0:15:42]} Qc8
{[%clk 0:13:42]} 8. O-O {[%clk 0:15:29]} O-O {[%clk 0:13:36]} 9. Bf4
{[%clk 0:14:40]} Ne4 {[%clk 0:12:32]} 10. Rac1 {[%clk 0:14:21]} Nxc3
{[%clk 0:11:15]} 11. bxc3 {[%clk 0:13:42]} Be4 {[%clk 0:09:42]} 12. cxd5
{[%clk 0:13:27]} cxd5 {[%clk 0:09:27]} 13. c4 {[%clk 0:13:34]} Nc6
{[%clk 0:08:28]} 14. cxd5 {[%clk 0:13:13]} Bxd5 {[%clk 0:08:37]} 15. Qb1
{[%clk 0:12:59]} f5 {[%clk 0:05:58]} 16. Ne5 {[%clk 0:13:07]} Qd8
{[%clk 0:05:48]} 17. Bxd5 {[%clk 0:10:19]} Qxd5 {[%clk 0:05:53]} 18. Nxc6
{[%clk 0:09:32]} bxc6 {[%clk 0:06:02]} 19. Rfd1 {[%clk 0:08:38]} Bd6
{[%clk 0:04:04]} 20. Bxd6 {[%clk 0:08:24]} Qxd6 {[%clk 0:04:13]} 21. Rc5
{[%clk 0:07:22]} Rab8 {[%clk 0:04:02]} 22. Qc2 {[%clk 0:07:28]} Rb6
{[%clk 0:04:08]} 23. e3 {[%clk 0:07:13]} Qd7 {[%clk 0:02:37]} 24. Rc1
{[%clk 0:06:58]} Rc8 {[%clk 0:02:43]} 25. a4 {[%clk 0:07:01]} f4 {[%clk 0:00:40]}
26. a5 {[%clk 0:04:48]} Rb4 {[%clk 0:00:46]} 27. exf4 {[%clk 0:03:43]} Rxd4
{[%clk 0:00:33]} 28. Rxc6 {[%clk 0:03:36]} Rxc6 {[%clk 0:00:19]} 29. Qxc6
{[%clk 0:03:45]} Kf7 {[%clk 0:00:28]} 30. Qxd7+ {[%clk 0:01:54]} Rxd7
{[%clk 0:00:36]} 31. Rc6 {[%clk 0:02:03]} Kf6 {[%clk 0:00:37]} 32. Kg2
{[%clk 0:02:12]} Rd5 {[%clk 0:00:43]} 33. Ra6 {[%clk 0:02:18]} Rd7
{[%clk 0:00:52]} 34. g4 {[%clk 0:01:52]} g6 {[%clk 0:00:34]} 35. Kf3
{[%clk 0:01:46]} h5 {[%clk 0:00:40]} 36. h3 {[%clk 0:01:49]} Rb7 {[%clk 0:00:26]}
37. Rc6 {[%clk 0:01:30]} Rb3+ {[%clk 0:00:20]} 38. Kg2 {[%clk 0:01:33]} Rb5
{[%clk 0:00:25]} 39. Ra6 {[%clk 0:01:40]} Rb7 {[%clk 0:00:34]} 40. Kg3
{[%clk 0:01:48]} hxg4 {[%clk 0:00:21]} 41. hxg4 {[%clk 0:01:55]} Rb3+
{[%clk 0:00:27]} 42. f3 {[%clk 0:02:04]} Rb7 {[%clk 0:00:36]} 43. Rc6
{[%clk 0:02:07]} Rd7 {[%clk 0:00:17]} 44. a6 {[%clk 0:01:05]} Re7
{[%clk 0:00:14]} 45. Kf2 {[%clk 0:01:08]} Rd7 {[%clk 0:00:16]} 46. Ke3
{[%clk 0:01:16]} Ke7 {[%clk 0:00:15]} 47. Ke4 {[%clk 0:01:21]} Kf7
{[%clk 0:00:18]} 48. Rc8 {[%clk 0:01:10]} Kf6 {[%clk 0:00:21]} 49. Rf8+
{[%clk 0:01:18]} Ke7 {[%clk 0:00:29]} 50. Rb8 {[%clk 0:01:16]} Kd6
{[%clk 0:00:12]} 51. Rg8 {[%clk 0:01:12]} Rc7 {[%clk 0:00:18]} 52. Rxg6
{[%clk 0:01:13]} Rc4+ {[%clk 0:00:26]} 53. Ke3 {[%clk 0:01:22]} Rc3+
{[%clk 0:00:12]} 54. Kf2 {[%clk 0:01:15]} Rc2+ {[%clk 0:00:12]} 55. Kg3
{[%clk 0:01:23]} Kd5 {[%clk 0:00:21]} 56. Rg7 {[%clk 0:01:24]} 1-0

[Event "Team Championship of Russia (rapid)"]
[Site "Sochi"]
[Date "2015.05.08"]
[Round "4.4"]
[White "Brodsky, Michail"]
[Black "Inarkiev, Ernesto"]
[Result "0-1"]
[LiveChessVersion "1.4.4"]
[BlackElo "2611"]
[WhiteElo "2544"]
[BlackTeam "SHSM-Our Heritage-1"]

1. d4 {[%clk 0:15:19]} Nf6 {[%clk 0:15:19]} 2. c4 {[%clk 0:15:28]} e6
{[%clk 0:15:28]} 3. Nf3 {[%clk 0:15:34]} d5 {[%clk 0:15:37]} 4. Nc3
{[%clk 0:15:43]} Nbd7 {[%clk 0:15:45]} 5. Bg5 {[%clk 0:15:23]} h6
{[%clk 0:15:53]} 6. Bh4 {[%clk 0:15:30]} Be7 {[%clk 0:16:01]} 7. e3
{[%clk 0:15:39]} O-O {[%clk 0:16:09]} 8. Qc2 {[%clk 0:15:39]} c6 {[%clk 0:16:16]}
9. a3 {[%clk 0:15:27]} b6 {[%clk 0:16:20]} 10. cxd5 {[%clk 0:15:34]} cxd5
{[%clk 0:16:24]} 11. Bd3 {[%clk 0:15:40]} Bb7 {[%clk 0:16:29]} 12. O-O
{[%clk 0:15:47]} Rc8 {[%clk 0:16:33]} 13. Rac1 {[%clk 0:15:48]} Ne4
{[%clk 0:16:10]} 14. Bxe7 {[%clk 0:15:37]} Qxe7 {[%clk 0:16:18]} 15. Qb3
{[%clk 0:15:38]} Ndf6 {[%clk 0:15:55]} 16. h3 {[%clk 0:14:54]} Nxc3
{[%clk 0:15:31]} 17. Rxc3 {[%clk 0:14:31]} Rxc3 {[%clk 0:15:39]} 18. Qxc3
{[%clk 0:13:40]} Rc8 {[%clk 0:15:47]} 19. Qb4 {[%clk 0:13:39]} Qd8
{[%clk 0:15:01]} 20. Rb1 {[%clk 0:13:25]} Rc7 {[%clk 0:14:55]} 21. Qe1
{[%clk 0:13:21]} Qc8 {[%clk 0:15:01]} 22. Nd2 {[%clk 0:13:28]} Ba6
{[%clk 0:14:22]} 23. Bxa6 {[%clk 0:13:22]} Qxa6 {[%clk 0:14:31]} 24. Rc1
{[%clk 0:13:32]} Rxc1 {[%clk 0:14:18]} 25. Qxc1 {[%clk 0:13:41]} Qe2
{[%clk 0:14:25]} 26. b4 {[%clk 0:12:50]} b5 {[%clk 0:14:13]} 27. Nf3
{[%clk 0:11:00]} Ne4 {[%clk 0:12:53]} 28. Qf1 {[%clk 0:11:10]} Qb2
{[%clk 0:13:02]} 29. Ne5 {[%clk 0:11:18]} a6 {[%clk 0:12:35]} 30. f3
{[%clk 0:10:50]} Nd6 {[%clk 0:12:27]} 31. Qe1 {[%clk 0:08:31]} Qxa3
{[%clk 0:12:16]} 32. Nc6 {[%clk 0:07:56]} Qd3 {[%clk 0:10:20]} 33. Ne5
{[%clk 0:06:01]} Qb3 {[%clk 0:09:44]} 34. Nc6 {[%clk 0:05:32]} Qc2
{[%clk 0:08:40]} 35. Ne5 {[%clk 0:05:19]} Nc4 {[%clk 0:08:27]} 36. Nd7
{[%clk 0:05:17]} Qd3 {[%clk 0:07:05]} 37. Qg3 {[%clk 0:04:27]} Qxe3+
{[%clk 0:06:49]} 38. Kh2 {[%clk 0:04:37]} g5 {[%clk 0:04:52]} 39. Qb8+
{[%clk 0:03:25]} Kh7 {[%clk 0:04:26]} 40. Qf8 {[%clk 0:01:28]} Qf4+
{[%clk 0:04:35]} 41. Kh1 {[%clk 0:01:38]} Kg6 {[%clk 0:01:37]} 42. Qh8
{[%clk 0:00:42]} Ne3 {[%clk 0:01:43]} 43. Ne5+ {[%clk 0:00:39]} Kh5
{[%clk 0:01:43]} 44. Qg7 {[%clk 0:00:31]} Kh4 {[%clk 0:01:10]} 45. Qxh6+
{[%clk 0:00:21]} Kg3 {[%clk 0:01:19]} 46. Nd3 {[%clk 0:00:27]} Qh4
{[%clk 0:00:39]} 47. Qxh4+ {[%clk 0:00:15]} gxh4 {[%clk 0:00:35]} 48. Nc5
{[%clk 0:00:24]} Nxg2 {[%clk 0:00:31]} 49. Nxa6 {[%clk 0:00:29]} Ne3
{[%clk 0:00:36]} 50. Nc7 {[%clk 0:00:36]} Nc2 {[%clk 0:00:45]} 51. Nxb5
{[%clk 0:00:40]} Nxb4 {[%clk 0:00:54]} 52. Nd6 {[%clk 0:00:49]} f5
{[%clk 0:00:50]} 53. Kg1 {[%clk 0:00:58]} Nc2 {[%clk 0:00:55]} 54. Nb5
{[%clk 0:01:07]} Kxf3 {[%clk 0:01:03]} 0-1

[Event "Team Championship of Russia (rapid)"]
[Site "Sochi"]
[Date "2015.05.08"]
[Round "4.5"]
[White "Zvjaginsev, Vadim"]
[Black "Svidler, Peter"]
[Result "1/2-1/2"]
[LiveChessVersion "1.4.4"]
[BlackElo "2649"]
[WhiteElo "2799"]
[BlackTeam "The Bronze Horseman"]
[WhiteTeam "SHSM-Our Heritage-2"]

1. e4 {[%clk 0:15:17]} c5 {[%clk 0:15:12]} 2. c3 {[%clk 0:15:25]} Nf6
{[%clk 0:14:58]} 3. e5 {[%clk 0:15:32]} Nd5 {[%clk 0:15:07]} 4. Nf3
{[%clk 0:15:41]} e6 {[%clk 0:15:04]} 5. Bc4 {[%clk 0:15:46]} d6 {[%clk 0:14:36]}
6. d4 {[%clk 0:15:42]} cxd4 {[%clk 0:14:43]} 7. cxd4 {[%clk 0:15:36]} Nc6
{[%clk 0:13:59]} 8. O-O {[%clk 0:15:40]} Be7 {[%clk 0:13:50]} 9. exd6
{[%clk 0:15:09]} Qxd6 {[%clk 0:13:53]} 10. Nc3 {[%clk 0:15:13]} O-O
{[%clk 0:13:56]} 11. Re1 {[%clk 0:15:16]} Nf6 {[%clk 0:11:57]} 12. Nb5
{[%clk 0:14:08]} Qd8 {[%clk 0:11:58]} 13. Bf4 {[%clk 0:14:15]} a6
{[%clk 0:10:51]} 14. Nc3 {[%clk 0:12:50]} b5 {[%clk 0:09:47]} 15. Bb3
{[%clk 0:10:21]} Na5 {[%clk 0:09:44]} 16. Bc2 {[%clk 0:09:52]} Bb7
{[%clk 0:09:30]} 17. Ne5 {[%clk 0:08:45]} Rc8 {[%clk 0:09:25]} 18. Bg5
{[%clk 0:08:27]} Nc4 {[%clk 0:08:40]} 19. Qd3 {[%clk 0:06:15]} Nxb2
{[%clk 0:07:43]} 20. Qh3 {[%clk 0:06:24]} g6 {[%clk 0:07:52]} 21. Bb3
{[%clk 0:05:35]} Nc4 {[%clk 0:07:11]} 22. Bh6 {[%clk 0:04:49]} Qxd4
{[%clk 0:06:11]} 23. Rad1 {[%clk 0:04:47]} 1/2-1/2

[Event "Team Championship of Russia (rapid)"]
[Site "Sochi"]
[Date "2015.05.08"]
[Round "4.6"]
[White "Vitiugov, Nikita"]
[Black "Dubov, Daniil"]
[Result "1/2-1/2"]
[LiveChessVersion "1.4.4"]
[BlackElo "2686"]
[WhiteElo "2686"]
[BlackTeam "SHSM-Our Heritage-2"]
[WhiteTeam "The Bronze Horseman"]

1. d4 {[%clk 0:15:18]} e6 {[%clk 0:15:20]} 2. Nf3 {[%clk 0:15:14]} c5
{[%clk 0:15:29]} 3. c4 {[%clk 0:15:05]} cxd4 {[%clk 0:15:33]} 4. Nxd4
{[%clk 0:15:12]} Nf6 {[%clk 0:15:42]} 5. Nc3 {[%clk 0:15:02]} d5 {[%clk 0:15:51]}
6. cxd5 {[%clk 0:14:47]} Nxd5 {[%clk 0:15:59]} 7. Bd2 {[%clk 0:14:35]} Nf6
{[%clk 0:16:07]} 8. Nb3 {[%clk 0:14:13]} Bd7 {[%clk 0:15:14]} 9. e4
{[%clk 0:14:06]} Nc6 {[%clk 0:15:22]} 10. Be2 {[%clk 0:13:44]} Bb4
{[%clk 0:15:03]} 11. f3 {[%clk 0:13:18]} O-O {[%clk 0:14:52]} 12. a3
{[%clk 0:13:11]} Bd6 {[%clk 0:14:40]} 13. Be3 {[%clk 0:12:57]} Qb8
{[%clk 0:14:38]} 14. g3 {[%clk 0:12:41]} Rd8 {[%clk 0:14:47]} 15. Qc2
{[%clk 0:11:53]} b5 {[%clk 0:12:59]} 16. Nxb5 {[%clk 0:10:42]} Nb4
{[%clk 0:12:52]} 17. axb4 {[%clk 0:10:48]} Bxb5 {[%clk 0:13:01]} 18. Nd4
{[%clk 0:09:49]} Bxb4+ {[%clk 0:12:35]} 19. Kf2 {[%clk 0:09:57]} Rc8
{[%clk 0:12:44]} 20. Qd1 {[%clk 0:08:56]} Bxe2 {[%clk 0:11:54]} 21. Qxe2
{[%clk 0:09:03]} Bc5 {[%clk 0:11:34]} 22. Rhc1 {[%clk 0:08:13]} e5
{[%clk 0:11:18]} 23. Nf5 {[%clk 0:07:58]} Bxe3+ {[%clk 0:09:46]} 24. Nxe3
{[%clk 0:08:05]} h5 {[%clk 0:09:52]} 25. Kg2 {[%clk 0:07:38]} Rxc1
{[%clk 0:08:43]} 26. Rxc1 {[%clk 0:07:46]} Qb7 {[%clk 0:08:49]} 27. Rc5
{[%clk 0:06:42]} Rb8 {[%clk 0:07:14]} 28. Rxe5 {[%clk 0:06:10]} Qxb2
{[%clk 0:07:01]} 29. Qxb2 {[%clk 0:06:18]} Rxb2+ {[%clk 0:07:10]} 30. Kg1
{[%clk 0:06:12]} Rb3 {[%clk 0:07:14]} 31. Kf2 {[%clk 0:06:20]} Rb2+
{[%clk 0:07:23]} 32. Kg1 {[%clk 0:06:29]} h4 {[%clk 0:05:40]} 33. gxh4
{[%clk 0:06:16]} g6 {[%clk 0:05:36]} 34. Nd5 {[%clk 0:06:00]} Nh5
{[%clk 0:05:20]} 35. Re8+ {[%clk 0:05:53]} Kg7 {[%clk 0:05:28]} 36. Re7
{[%clk 0:05:36]} a5 {[%clk 0:05:08]} 37. Ra7 {[%clk 0:05:38]} Ra2
{[%clk 0:04:30]} 38. e5 {[%clk 0:04:59]} Re2 {[%clk 0:04:37]} 39. f4
{[%clk 0:04:45]} Re4 {[%clk 0:04:45]} 40. Kf2 {[%clk 0:03:33]} Rd4
{[%clk 0:04:50]} 41. Rxa5 {[%clk 0:03:31]} Nxf4 {[%clk 0:04:56]} 42. Nf6
{[%clk 0:02:59]} Nh5 {[%clk 0:04:50]} 43. Nxh5+ {[%clk 0:02:54]} 1/2-1/2